Guía de práctica clínica sobre prevención y detección precoz de la enfermedad renal crónica en adultos en el primer nivel de atención / (Record no. 10926)
[ view plain ]
| 000 -LEADER | |
|---|---|
| fixed length control field | 00931nam a22001937a 4500 |
| 003 - CONTROL NUMBER IDENTIFIER | |
| control field | AR-FvUNAJ |
| 005 - DATE AND TIME OF LATEST TRANSACTION | |
| control field | 20250625111405.0 |
| 007 - PHYSICAL DESCRIPTION FIXED FIELD--GENERAL INFORMATION | |
| fixed length control field | cr |
| 008 - FIXED-LENGTH DATA ELEMENTS--GENERAL INFORMATION | |
| fixed length control field | 250513b ||||| |||| 00| 0 spa d |
| 110 2# - MAIN ENTRY--CORPORATE NAME | |
| 9 (RLIN) | 8604 |
| Corporate name or jurisdiction name as entry element | Argentina. |
| Subordinate unit | Ministerio de Salud. |
| 245 10 - TITLE STATEMENT | |
| Title | Guía de práctica clínica sobre prevención y detección precoz de la enfermedad renal crónica en adultos en el primer nivel de atención / |
| Statement of responsibility, etc | Programa Nacional de Garantía de Calidad de la Atención Médica |
| 260 ## - PUBLICATION, DISTRIBUTION, ETC. (IMPRINT) | |
| Place of publication, distribution, etc | Buenos Aires : |
| Name of publisher, distributor, etc | Ministerio de Salud, |
| Date of publication, distribution, etc | 2010. |
| 300 ## - PHYSICAL DESCRIPTION | |
| Extent | 83 p. |
| 650 #0 - SUBJECT ADDED ENTRY--TOPICAL TERM | |
| Source of heading or term | decs |
| 9 (RLIN) | 5931 |
| Topical term or geographic name as entry element | ENFERMEDAD RENAL |
| 710 2# - ADDED ENTRY--CORPORATE NAME | |
| 9 (RLIN) | 17026 |
| Corporate name or jurisdiction name as entry element | Programa Nacional de Garantía de Calidad de la Atención Médica |
| 856 40 - ELECTRONIC LOCATION AND ACCESS | |
| Uniform Resource Identifier | <a href="https://salud.misiones.gob.ar/wp-content/uploads/2017/07/0000000069cnt-2012-08-02_guia-prevencion-deteccion-precoz-enfermedad-renal-cronica-adultos.pdf">https://salud.misiones.gob.ar/wp-content/uploads/2017/07/0000000069cnt-2012-08-02_guia-prevencion-deteccion-precoz-enfermedad-renal-cronica-adultos.pdf</a> |
| 942 ## - ADDED ENTRY ELEMENTS (KOHA) | |
| Source of classification or shelving scheme | Dewey Decimal Classification |
| Item type | Libro electrónico |
| 980 ## - EQUIVALENCE OR CROSS-REFERENCE-SERIES STATEMENT--PERSONAL NAME/TITLE [LOCAL, CANADA] | |
| Linkage | 2 |
| Personal name | Virginia Figueroa |
| Field link and sequence number | 2 |
| Miscellaneous information | Virginia Figueroa |
| Withdrawn status | Lost status | Source of classification or shelving scheme | Damaged status | Not for loan | Collection code | Home library | Current library | Date acquired | Date last seen | Uniform Resource Identifier | Price effective from | Koha item type |
|---|---|---|---|---|---|---|---|---|---|---|---|---|
| Dewey Decimal Classification | Acceso en línea | Recursos en Línea | Biblioteca Central | Biblioteca Central | 13/05/2025 | 13/05/2025 | https://salud.misiones.gob.ar/wp-content/uploads/2017/07/0000000069cnt-2012-08-02_guia-prevencion-deteccion-precoz-enfermedad-renal-cronica-adultos.pdf | 13/05/2025 | Libro electrónico |